Click the World Capitals on a Map - Statistics

General Stats
  • This quiz has been taken 181 times
  • The average score is 93 of 195
Answers on the Map
Answers color-coded by a green-red scale on the quiz's map according to % correct below.
 
Answer Stats
Answer % Correct
Pyongyang
74%
Ankara
71%
Cairo
71%
Lima
71%
Lisbon
71%
Mexico City
71%
Monaco
71%
New Delhi
71%
Rome / Vatican
71%
Tokyo
71%
Andorra la Vella
68%
Bogotá
68%
Brussels
68%
Buenos Aires
68%
Chișinău
68%
Kuwait City
68%
Luxembourg
68%
Paris
68%
Amsterdam
65%
Dublin
65%
Hanoi
65%
Jakarta
65%
London
65%
Reykjavík
65%
Seoul
65%
Abu Dhabi
62%
Baghdad
62%
Bangkok
62%
Berlin
62%
Brasília
62%
Copenhagen
62%
Madrid
62%
Ottawa
62%
Panama City
62%
Pretoria, Cape Town,
or Bloemfontein
62%
Riyadh
62%
Stockholm
62%
Taipei
62%
Tehran
62%
Tripoli
62%
Tunis
62%
Warsaw
62%
Addis Ababa
59%
Algiers
59%
Asunción
59%
Beijing
59%
Bucharest
59%
Budapest
59%
Caracas
59%
Djibouti
59%
Guatemala City
59%
Jerusalem
59%
Oslo
59%
Port-au-Prince
59%
Prague
59%
Antananarivo
56%
Canberra
56%
Damascus
56%
Havana
56%
Kuala Lumpur
56%
Kyiv
56%
Manila
56%
Minsk
56%
Nairobi
56%
Quito
56%
Rabat
56%
Santo Domingo
56%
Sri Jayawardenepura Kotte
56%
Tallinn
56%
Washington D.C.
56%
Wellington
56%
Astana
53%
Athens
53%
Dhaka
53%
Doha
53%
Helsinki
53%
Kabul
53%
Kigali
53%
Kingston
53%
La Paz or Sucre
53%
Mogadishu
53%
Moscow
53%
Nassau
53%
Paramaribo
53%
San Marino
53%
Santiago
53%
São Tomé
53%
Sofia
53%
Tbilisi
53%
Ulaanbaatar
53%
Baku
50%
Islamabad
50%
Kathmandu
50%
Khartoum
50%
Nicosia
50%
Riga
50%
San Salvador
50%
Tegucigalpa
50%
Vaduz
50%
Valletta
50%
Victoria
50%
Vientiane
50%
Yerevan
50%
Amman
47%
Bern
47%
Brazzaville
47%
Kinshasa
47%
Ljubljana
47%
Montevideo
47%
Podgorica
47%
Port Moresby
47%
Port-of-Spain
47%
Sana'a
47%
San José
47%
Singapore
47%
Tirana
47%
Abuja
44%
Bandar Seri Begawan
44%
Beirut
44%
Bissau
44%
Dakar
44%
Georgetown
44%
Luanda
44%
Malé
44%
Monrovia
44%
N'Djamena
44%
Ouagadougou
44%
Skopje
44%
Vilnius
44%
Windhoek
44%
Yamoussoukro
44%
Belgrade
41%
Belmopan
41%
Dili
41%
Juba
41%
Kampala
41%
Muscat
41%
Naypyidaw
41%
Nouakchott
41%
Thimphu
41%
Vienna
41%
Ashgabat
38%
Managua
38%
Maputo
38%
Moroni
38%
Niamey
38%
Praia
38%
Asmara
35%
Bamako
35%
Bratislava
35%
Dodoma
35%
Freetown
35%
Phnom Penh
35%
Port Louis
35%
Pristina
35%
Sarajevo
35%
Suva
35%
Accra
32%
Bishkek
32%
Bridgetown
32%
Gaborone
32%
Harare
32%
Lilongwe
32%
Manama
32%
Porto-Novo or Cotonou
32%
South Tarawa
32%
Tashkent
32%
Yaoundé
32%
Banjul
29%
Lomé
29%
Lusaka
29%
Mbabane
29%
Ngerulmud
29%
Zagreb
29%
Conakry
26%
Gitega
26%
Libreville
26%
Maseru
26%
Palikir
26%
Apia
24%
Dushanbe
24%
Bangui
21%
Majuro
21%
Malabo
21%
Nukuʻalofa
21%
Funafuti
18%
Honiara
18%
Roseau
18%
Saint George's
18%
Saint John's
18%
Yaren
18%
Kingstown
15%
Basseterre
12%
Castries
12%
Port Vila
12%
No matching quizzes found
Score Distribution
Percent of People with Each Score
Percentile by Number Answered
Your Score History
You have not taken this quiz